LEADER 01028cam0 22002891 450 001 SOBE00085619 005 20260210131719.0 100 $a20260210d1966 |||||ita|0103 ba 101 $aita 102 $aIT 200 1 $aJean-Etienne Liotard$f[testi di Giovanni Previtali] 210 $aMilano$cFabbri$d1966 215 $a[8] p., XVI p. di tav.$cill.$d36 cm 225 2 $amaestri del colore$v240 410 1$1001LAEC00020216$12001 $aI *maestri del colore$v240 500 10$aJean-Etienne Liotard$3SOBA00037030$9603767 700 1$aLiotard$b, Jean-Etienne$3AF00011822$4070$0400894 702 1$aPrevitali, Giovanni$3AF00009791$4070 801 0$aIT$bUNISOB$c20260210$gRICA 850 $aUNISOB 852 $aUNISOB$jFondo|Calì$m184998 912 $aSOBE00085619 940 $aM 102 Monografia moderna SBN 941 $aM 957 $aFondo|Calì$b002492$gSI$d184998$n20250714$hCali$rDono$tN$1rovito$2UNISOB$3UNISOB$420260210131050.0$520260210131148.0$6rovito 996 $aJean-Etienne Liotard$9603767 997 $aUNISOB